El cine antes de Lumière : desarrollo técnico durante el cambio de siglo /

Reconstrucción del origen del cine, en que se demuestra que respondió a las exigencias de la investigación científica de fines del siglo XIX. La historia consigna que surgió como espectáculo tras la primera proyección de los hermanos Lumière, en 1895. La obra está formada por dos videocasetes y un l...

Popoln opis

Shranjeno v:
Bibliografske podrobnosti
Glavni avtor: Tosi, Virgilio (autor)
Drugi avtorji: Schwab, Ulrike (guión) (guión)
Format: Slide
Jezik:španščina
Teme:
Oznake: Označite
Brez oznak, prvi označite!

MARC

LEADER 00000ngm^a2200000^a^4500
001 000274771
005 20250521000000.0
009 20260310111211.931
037 |a Acervo ITESO - Biblioteca 
041 |a ESP 
082 |a 302. 23521209  |b TOS V. 2 
100 |a Tosi, Virgilio  |e (autor) 
240 1 4 |a [El cine antes de Lumière] 
245 1 3 |a El cine antes de Lumière :  |b desarrollo técnico durante el cambio de siglo /  |c V. Tosi. 
264 |a México :  |a Gotinga, Alemania :  |b Institut für den Wissenschaftlichen Film ;  |a París, Francia :  |b Centre National de la Recherche Scientifique ;  |a Roma, Italia :  |b Instituto Luce Italnoleggio Cinematográfico ;  |a México :  |b Universidad Nacional Autónoma de México, Dirección General de Actividades Cinematográficas [dist.],  |c 1989-1993 
300 |a 1 videocasete VHS  |c (51 min.) 
336 |a imagen móvil bidimensional  |b tdi  |2 rdacontenido 
337 |a video  |b v  |2 rdamedio 
338 |a videocasete  |b vf  |2 rdasoporte 
500 |a Traducción de: Developments Around the Turn of the Century 
520 |a Reconstrucción del origen del cine, en que se demuestra que respondió a las exigencias de la investigación científica de fines del siglo XIX. La historia consigna que surgió como espectáculo tras la primera proyección de los hermanos Lumière, en 1895. La obra está formada por dos videocasetes y un libro, este último localizado en el Acervo General de la Biblioteca del ITESO. 
546 |a Doblaje al español 
649 |a XX 
650 |a Cine Científico -  |x Historia y Crítica 
650 |a Documentales -  |x Historia y Crítica 
650 |a Cortometrajes y Mediometrajes -  |x Historia y Crítica 
650 |a Cine -  |x Historia y Crítica 
650 |a Cine -  |x Aspectos Tecnológicos 
650 |a Cine -  |y Siglo XIX 
650 |a Cine -  |y Siglo XX 
650 |a Ciencia -  |x Investigación 
650 |a Ciencia -  |x Equipo y Aparatos 
650 |a Desarrollo Tecnológico 
650 |a Tecnología 
650 |a Metodología 
650 |a Medios Audiovisuales 
650 |a Medios de Comunicación 
650 |a Comunicación Visual 
700 |a Schwab, Ulrike  |e (guión) 
910 |a Fondo General 
920 |a Audiovisuales - Videocasetes 
940 |a Películas 
905 |a 301 
901 |a 0500026775  |b IT2  |c VIS  |u 20250521 
902 |a https://opac.biblio.iteso.mx/vufind/Record/000274771